=LDR 00000nam 2200000 4500 =001 INLIS000000000025073 =005 20130612123618 =008 ***********************************Ind** =035 ##$$0010-061300000025073 =041 ##$$a Ind =082 ##$$a 155.455 =090 ##$$a 155.455, Sul a =100 ##$$a Silaiman, Ali =245 ##$$a Anak berbakat bagaimana cara mengetahui dan membinanya, Ali Sulaiman =260 ##$$a 2001 $b Jakarta =300 ##$$a 51 hlm, 21 cm =650 ##$$a Psikologi anak =850 ##$$a NBPNMAT